Music Quiz

Random Music Quiz

Justin Bieber Quiz Stats

 Plays Quiz not verified by Sporcle

Score 0/10 Timer 10:00
0 Plays Today
question Answer % Correct
What is his favourite colour?Purple
80.9%
Where was he born?Canada
78.4%
What is the title of his first single?One Time
74.7%
What was his christmas single?Mistletoe
74.1%
What are his parents names?Pattie and Jeremy
59.9%
What was his dog called?Sammy
56.8%
What are his siblings called?Jazmyn and Jaxon
40.7%
When is his birthday?1st March
30.2%
Who is his manager?Scott 'Scooter' Braun
30.2%
What is his record label?Island Def Jam
22.2%

You're not logged in!

Compare scores with friends on all Sporcle quizzes.
OR
Log In

Sporcle TV

Today on Sporcle TV


Watch our educational content, quiz creation guides, and fun videos on Sporcle TV.

Show Comments

Extras

Created Dec 16, 2014ReportNominate
Tags:bieber, justin, Justin Bieber

Top Quizzes Today


Score Distribution

Your Account Isn't Verified!

In order to create a playlist on Sporcle, you need to verify the email address you used during registration. Go to your Sporcle Settings to finish the process.

Report this User

Report this user for behavior that violates our Community Guidelines.

Details: